| 000 | 01092nam a2200253Ia 4500 | ||
|---|---|---|---|
| 001 | jokesforjohn00newy | ||
| 003 | CaSfIA | ||
| 005 | 20210118161426.0 | ||
| 007 | cr|||| | ||
| 008 | 840727s1961 nyua 000 0 eng d | ||
| 040 |
_aBGU _cBGU _dCaSfIA |
||
| 035 | _a(OCoLC)10991660 | ||
| 082 | 4 | _a306.7 | |
| 090 |
_aPN6231.S54 _bJ6 |
||
| 245 | 0 | 0 |
_aJokes for the john. _h[electronic resource] |
| 260 |
_aNew York : _bKanrom, _cc1961. |
||
| 300 |
_a[154] p. : _bill. ; _c28 cm. |
||
| 650 | 0 |
_aSex _xAnecdotes, facetiae, satire, etc. |
|
| 856 | 4 | 1 |
_uhttp://www.archive.org/details/jokesforjohn00newy _zFree eBook from the Internet Archive |
| 856 | 4 | 2 |
_uhttp://www.openlibrary.org/books/OL24211428M _zAdditional information and access via Open Library |
| 942 | _cEB | ||
| 506 | _fНеобхідна авторизація на https://archive.org/ (створення облікового запису безкоштовно) | ||
| 506 | _fНеобхідна авторизація на https://openlibrary.org/ (створення облікового запису безкоштовно) | ||
| 999 |
_c514568 _d514568 |
||